000 00653nam a22002537a 4500
001 30568
003 UA-OsUOA
005 20220209221029.0
007 ta
008 20041111b un ||||| |||| 00| 0 ukr d
040 _aUA-OsUOA
_bukr
_cUA-OsUOA
_dUA-OsUOA
041 _aukr
044 _aUA
080 _a812.512.121
090 _a812.512.121
_bБ42
100 _aБекбаулов У.
245 _aТарас на Аралі
_bповість
260 _aКиїв
_bДніпро
_c1975
300 _a352 с.
650 7 _2UDC
942 _cBK
_2udc
955 _a0
999 _c316981
_d316981